Statistics for My Little Pony Villains by Picture

Click here to take the quiz!

General Stats

  • This quiz has been taken 31 times
  • The average score is 7 of 16

Answer Stats

Answer% Correct
Discord
91%
Nightmare Moon
74%
Queen Chrysalis
70%
Daybreaker
61%
The Dazzlings
57%
Tirek
57%
Cozy Glow
52%
Grogar
39%
Wallflower Blush
39%
Chancellor Neighsay
30%
Principal Abacus Cinch
30%
Windigos
30%
Gloriosa Daisy
22%
Parasprites
22%
Svengallop
13%
Vignette Valencia
13%

Score Distribution

Percentile by Number Answered

Percent of People with Each Score

Your Score History

You have not taken this quiz